000 00336nam a22001217a 4500
008 230606b xxu||||| |||| 00| 0 eng d
082 _a364.0519
_bMCJ
245 _aJournal Of Crime & Justice
_cRoutledge Taylor
260 _aUnited States
_bUniversity Of South Florida
300 _avolumes:
440 _n1
_v38 March 2015
942 _2ddc
_cBK
999 _c694
_d694